000 00549nam a2200205 i 4500
001 bg
100 1 _aBOROWIECKI, Stanisław
245 1 0 _aMaszyny papiernicze /
_cStanisław Borowiecki.
260 _aWarszawa :
_bWSiP,
_c1979.
490 1 _aMaszyny i Urządzenia
650 9 _aPapiernictwo
_xurządzenia
650 9 _aMaszyny
_xbudowa i konstrukcje
655 _aPodręczniki szkolne
830 _aMaszyny i Urządzenia
040 _cBPK
041 0 _apol
080 _a621:676
942 _cKS
008 s pl f |000 0 pol
999 _c10603
_d10603
856 _uhttp://koha.tu.koszalin.pl/cgi-bin/koha/opac-detail.pl?biblionumber=10603
_yKatalog online BPK